[Event "Int. Stuttgarter Stadtmeisterschaft C"]
[Site "Ditzingen"]
[Date "2016.05.07"]
[Round "6.28"]
[White "Kappler, Roswitha"]
[Black "Hdya, Mohammad"]
[Result "1/2-1/2"]
[WhiteElo "725"]
[BlackElo "823"]
[PlyCount "75"]
[EventDate "2016.??.??"]
[WhiteTeam "SG Fasanenhof"]
[BlackTeam "SF Freiberg"]

1. e4 e5 2. Nf3 Nc6 3. Nc3 Bc5 4. Bd3 Nf6 5. O-O d6 6. b3 O-O 7. Be2 Nd4 8. d3
Bd7 9. Bg5 h6 10. Bh4 Qe7 11. Nd5 Qd8 12. Qd2 c6 13. Nxf6+ gxf6 14. Qxh6 Nxe2+
15. Kh1 Re8 16. Bxf6 Qxf6 17. Qxf6 Re6 18. Qg5+ Rg6 19. Qh4 Kf8 20. Qh8+ Rg8
21. Qh6+ Ke7 22. Qh4+ f6 23. Qh7+ Ke6 24. Nh4 d5 25. Rae1 Rh8 26. Qf5+ Kd6 27.
Qxf6+ Kc7 28. Rxe2 Rag8 29. Ng6 Rh6 30. Qxe5+ Bd6 31. Ne7 Bxe5 32. Nxg8 Rxh2+
33. Kg1 Rh8 34. Ne7 Rh7 35. Ng6 Bh2+ 36. Kh1 Bd6+ 37. Kg1 Rh6 38. e5 1/2-1/2

[Event "Int. Stuttgarter Stadtmeisterschaft C"]
[Site "Ditzingen"]
[Date "2016.05.07"]
[Round "6.31"]
[White "Schott, Stefano"]
[Black "Hoffmann, Simon"]
[Result "0-1"]
[WhiteElo "744"]
[BlackElo "1013"]
[PlyCount "44"]
[EventDate "2016.??.??"]
[WhiteTeam "SF Nabern"]
[BlackTeam "Schach-Kids Bernhausen"]

1. e4 c5 2. d3 d6 3. Nf3 Nf6 4. Be2 g6 5. O-O Bg7 6. Bg5 O-O 7. Bxf6 Bxf6 8.
Nc3 Bg4 9. Qd2 Bg7 10. Rae1 Nc6 11. h3 Bxf3 12. Bxf3 Nd4 13. Qe3 Nxc2 14. Qd2
Nxe1 15. Qxe1 e6 16. Bg4 Qa5 17. a3 Bxc3 18. Qd1 Bxb2 19. Re1 Qxa3 20. Kh1 Bd4
21. Qc1 Qxc1 22. Rxc1 Bxf2 0-1

[Event "Int. Stuttgarter Stadtmeisterschaft C"]
[Site "Ditzingen"]
[Date "2016.05.07"]
[Round "6.32"]
[White "Schott, Abelardo"]
[Black "Abdullah, Danyar"]
[Result "1-0"]
[WhiteElo "913"]
[BlackElo "733"]
[PlyCount "49"]
[EventDate "2016.??.??"]
[WhiteTeam "SF Nabern"]
[BlackTeam "SV Stuttgart-Wolfbusch"]

1. e4 e5 2. Nf3 Nc6 3. d4 d5 4. exd5 Qxd5 5. Be3 Qe4 6. Bd3 Qd5 7. Nc3 Qd6 8.
Bb5 exd4 9. Bxc6+ Qxc6 10. Nxd4 Qxg2 11. Kd2 Bg4 12. Qe1 Bd6 13. Ncb5 Bxh2 14.
Bf4+ Kd7 15. Bxh2 Qd5 16. Be5 Re8 17. Nxc7 Qa5+ 18. c3 Rxe5 19. Qg1 Nf6 20. f3
Bh5 21. Qxg7 Rg8 22. Qxf6 Qxc7 23. Rxh5 Rxh5 24. Qxf7+ Kd6 25. Nb5+ 1-0

[Event "Int. Stuttgarter Stadtmeisterschaft C"]
[Site "Ditzingen"]
[Date "2016.05.08"]
[Round "7.1"]
[White "Dietrich, Malte"]
[Black "Hackner, Felix"]
[Result "1-0"]
[WhiteElo "1317"]
[BlackElo "1339"]
[PlyCount "99"]
[EventDate "2016.??.??"]
[WhiteTeam "Rochade Metzingen"]
[BlackTeam "SC Kreut"]

1. d4 d5 2. c4 e6 3. Nc3 Nf6 4. Nf3 c6 5. e3 Be7 6. b3 Nbd7 7. Bd3 Qc7 8. e4
dxe4 9. Nxe4 Nxe4 10. Bxe4 Nf6 11. Bc2 O-O 12. O-O Rd8 13. Bb2 c5 14. Qe2 cxd4
15. Bxd4 Nd7 16. h4 Bf6 17. Rad1 Bxd4 18. Rxd4 Nf6 19. Rfd1 Rxd4 20. Rxd4 b6
21. g4 Bb7 22. g5 Nd7 23. Qd3 Nf8 24. h5 Qc6 25. Kg2 Qc5 26. Rg4 e5 27. Qe2 Ne6
28. Be4 Bxe4 29. Qxe4 Rd8 30. Qxe5 Qxe5 31. Nxe5 Rd2 32. a4 Nxg5 33. Nc6 Ne6
34. Nxa7 Rb2 35. Rg3 Nf4+ 36. Kh1 Nxh5 37. Rf3 Nf6 38. Nc8 Ne4 39. Nxb6 Nxf2+
40. Kg1 Ne4 41. Nd5 Nc5 42. a5 Nxb3 43. a6 Nc5 44. Ra3 Nxa6 45. Rxa6 f5 46. c5
Kf7 47. c6 Ke8 48. c7 Kd7 49. Ra8 Rc2 50. Rd8+ 1-0

[Event "Int. Stuttgarter Stadtmeisterschaft C"]
[Site "Ditzingen"]
[Date "2016.05.08"]
[Round "7.2"]
[White "Dhaneesh Naduvilayil"]
[Black "Meißner, Mogens"]
[Result "0-1"]
[WhiteElo "1350"]
[BlackElo "1364"]
[PlyCount "128"]
[EventDate "2016.??.??"]
[BlackTeam "SK Bietigheim-Bissingen"]

1. e4 e5 2. Nf3 Nc6 3. c3 d5 4. Qa4 Qd6 5. exd5 Qxd5 6. d4 Bd7 7. Bb5 a6 8.
Bxc6 Bxc6 9. Qd1 exd4 10. O-O O-O-O 11. Qxd4 Qh5 12. Qe3 Bc5 13. Qe2 Nf6 14.
Nbd2 Rhe8 15. Qd1 Ng4 16. h3 Ne5 17. Nxe5 Qxd1 18. Rxd1 Rxe5 19. b4 Ba7 20. Kf1
Rde8 21. Nf3 Bb5+ 22. Kg1 Re2 23. Nd4 Re1+ 24. Rxe1 Rxe1+ 25. Kh2 Bc4 26. a3 c5
27. Nc2 Re2 28. Ne3 Be6 29. Kg3 cxb4 30. cxb4 Re1 31. Bb2 Rxa1 32. Bxa1 g6 33.
Kf3 Kd7 34. g4 Kc6 35. Ke4 Bb8 36. Bb2 Bd6 37. f4 Bd7 38. Bc1 h5 39. g5 Bxh3
40. Nc4 Bg2+ 41. Ke3 Bc7 42. Ne5+ Bxe5 43. fxe5 Kd5 44. Kf2 Be4 45. Bb2 b5 46.
Kg3 Kc4 47. Kf4 Bf5 48. Ke3 h4 49. Kf3 Kd3 50. Kf2 Ke4 51. Kg1 Kf4 52. Kh2 Kxg5
53. Bc1+ Kg4 54. Be3 Kf3 55. Bg5 Ke4 56. Bf6 Kf4 57. Bxh4 Kxe5 58. Bg3+ Kd4 59.
Kg2 Kd3 60. Kf3 Kc2 61. Kf4 Kb3 62. Kg5 Be6 63. Bd6 Kxa3 64. Kf6 Ka4 0-1

[Event "Int. Stuttgarter Stadtmeisterschaft C"]
[Site "Ditzingen"]
[Date "2016.05.08"]
[Round "7.3"]
[White "Thomas, Leonhard"]
[Black "Stiefelmeyer, Michael"]
[Result "1/2-1/2"]
[WhiteElo "1410"]
[BlackElo "1214"]
[PlyCount "41"]
[EventDate "2016.??.??"]
[WhiteTeam "SV Fellbach"]
[BlackTeam "SF Nabern"]

1. e4 Nc6 2. Nc3 e6 3. Bb5 Nce7 4. d4 c6 5. Bd3 d5 6. e5 Ng6 7. Nf3 Bb4 8. Bd2
N8e7 9. O-O O-O 10. Ne2 Bxd2 11. Qxd2 Qc7 12. Nf4 Nxf4 13. Qxf4 Ng6 14. Qg4 f5
15. Qh4 Nf4 16. Qg5 Nxd3 17. cxd3 g6 18. Rac1 Rf7 19. Qd2 Qe7 20. h4 Rg7 21. g3
1/2-1/2

[Event "Int. Stuttgarter Stadtmeisterschaft C"]
[Site "Ditzingen"]
[Date "2016.05.08"]
[Round "7.4"]
[White "Hilger, Herbert"]
[Black "Jelisavac, Nenad"]
[Result "0-1"]
[WhiteElo "1261"]
[BlackElo "1275"]
[PlyCount "162"]
[EventDate "2016.??.??"]
[WhiteTeam "SV Stuttgart-Wolfbusch"]
[BlackTeam "Matt Inn Dortmund"]

1. e4 c5 2. Nf3 Nc6 3. d4 cxd4 4. Nxd4 d6 5. Bb5 Bd7 6. Be3 Nf6 7. Nc3 e5 8.
Nxc6 bxc6 9. Be2 Be7 10. h3 Qa5 11. Bd2 Qc7 12. O-O Be6 13. Bd3 O-O 14. Qe2 d5
15. exd5 Nxd5 16. Bc4 Rad8 17. a3 Bf5 18. Bb3 Nb6 19. Rad1 Rd6 20. Qxe5 Bxh3
21. Qg3 Bxg2 22. Rfe1 Bd5 23. Kf1 Qd7 24. Nxd5 Nxd5 25. Bxd5 cxd5 26. Bb4 Re6
27. Rxe6 fxe6 28. Bc3 Bf6 29. Re1 d4 30. Qd3 Qd5 31. Bb4 Rc8 32. c3 e5 33. cxd4
Qxd4 34. Qe2 Qc4 35. Bc3 Qxe2+ 36. Rxe2 Re8 37. f4 e4 38. Bxf6 gxf6 39. f5 Kg7
40. Rg2+ Kf8 41. Ke2 Re7 42. Ke3 Ke8 43. Rg4 Kd7 44. Rh4 Kd6 45. b3 Kd5 46. Rh6
Ke5 47. Rh5 Rc7 48. Kd2 a5 49. b4 axb4 50. axb4 Rc4 51. Rxh7 Rxb4 52. Rh5 Rb3
53. Ke2 Rf3 54. Rh8 Rxf5 55. Re8+ Kf4 56. Re6 Kg3 57. Rxe4 Rf2+ 58. Ke3 f5 59.
Re8 f4+ 60. Kd3 Kf3 61. Rf8 Ra2 62. Rf7 Ra4 63. Rg7 Kf2 64. Rf7 f3 65. Kd2 Rg4
66. Rf8 Rg3 67. Rf7 Kg2 68. Ke1 Kg1 69. Rf8 Kg2 70. Rf7 Rg4 71. Rf8 Re4+ 72.
Kd2 Kf2 73. Rf5 Re2+ 74. Kd1 Ra2 75. Rf8 Ra3 76. Kd2 Kf1 77. Kd1 f2 78. Kd2 Rg3
79. Rf7 Rg2 80. Ra7 Kg1 81. Ra1+ f1=Q+ 0-1

[Event "Int. Stuttgarter Stadtmeisterschaft C"]
[Site "Ditzingen"]
[Date "2016.05.08"]
[Round "7.5"]
[White "Lautner, Peter"]
[Black "Rashba, David"]
[Result "1/2-1/2"]
[WhiteElo "1495"]
[BlackElo "1240"]
[PlyCount "87"]
[EventDate "2016.??.??"]
[WhiteTeam "SC Kreut"]
[BlackTeam "SC Sillenbuch"]

1. e4 c6 2. d4 d5 3. e5 Bf5 4. Nf3 e6 5. h3 h6 6. Bd3 Ne7 7. c3 Nd7 8. g4 Bxd3
9. Qxd3 Nb6 10. g5 h5 11. Nh4 g6 12. Qf3 Bg7 13. Be3 Qc7 14. Na3 Na4 15. O-O-O
a6 16. Qe2 b5 17. Qc2 Nb6 18. f4 a5 19. Bd2 O-O 20. Kb1 Rfb8 21. Ka1 Nd7 22.
Nb1 Qa7 23. Be1 Nb6 24. b3 Nd7 25. Rh2 Qa6 26. Bf2 Ra7 27. Rc1 Nb6 28. Nd2 Rab7
29. Be3 Kf8 30. Qd3 Kg8 31. Rhh1 a4 32. b4 Na8 33. a3 Nc7 34. Ka2 Ne8 35. Qe2
Bf8 36. Nf1 Ng7 37. Ng3 Nc8 38. Qd3 Kh7 39. Rhf1 Ne7 40. Rf2 Rc7 41. Rcf1 Qc8
42. Qc2 Nef5 43. Nhxf5 exf5 44. h4 1/2-1/2

[Event "Int. Stuttgarter Stadtmeisterschaft C"]
[Site "Ditzingen"]
[Date "2016.05.08"]
[Round "7.6"]
[White "Sinner, Arthur"]
[Black "Winkler, Robert"]
[Result "1/2-1/2"]
[WhiteElo "1198"]
[BlackElo "1413"]
[PlyCount "72"]
[EventDate "2016.??.??"]
[WhiteTeam "TSV/RSK Esslingen"]
[BlackTeam "SC Kreut"]

1. e4 e6 2. d4 d5 3. exd5 exd5 4. Nf3 Nc6 5. Bb5 Bd7 6. Nc3 a6 7. Ba4 b5 8. Bb3
Be6 9. O-O Nf6 10. Bg5 Be7 11. Re1 O-O 12. Ne5 Nb8 13. Bxf6 Bxf6 14. Ng4 Bxg4
15. Qxg4 c6 16. a4 Qd7 17. Qg3 Qb7 18. Qd3 Nd7 19. axb5 axb5 20. h3 g6 21. Ra2
Bg7 22. Rea1 Rxa2 23. Rxa2 Re8 24. Ra1 Qc7 25. Ne2 Bh6 26. Qg3 Qxg3 27. Nxg3
Bf4 28. Ra7 Nb8 29. Kf1 Bc1 30. Ra2 Bd2 31. Ne2 h5 32. c3 Bh6 33. Ra8 Kf8 34.
Bc2 Ke7 35. Ke1 Kd6 36. Kd1 Bg5 1/2-1/2

[Event "Int. Stuttgarter Stadtmeisterschaft C"]
[Site "Ditzingen"]
[Date "2016.05.08"]
[Round "7.7"]
[White "Fechner, Andreas"]
[Black "Winterkorn, Nikolaus"]
[Result "1/2-1/2"]
[WhiteElo "1252"]
[BlackElo "1376"]
[PlyCount "93"]
[EventDate "2016.??.??"]
[WhiteTeam "SC Magstadt"]
[BlackTeam "DJK Sportbund Stgt."]

1. d4 d5 2. c4 c6 3. Nc3 Nf6 4. Nf3 e6 5. Bg5 Be7 6. e3 h6 7. Bh4 Nbd7 8. Be2
a6 9. O-O O-O 10. Qc2 Nh7 11. Bxe7 Qxe7 12. Bd3 Nhf6 13. Rfe1 b5 14. cxb5 cxb5
15. e4 dxe4 16. Nxe4 Bb7 17. Nxf6+ Qxf6 18. Be4 Rfc8 19. Qd3 Bxe4 20. Qxe4 Ra7
21. Rac1 Qd8 22. Ne5 Nxe5 23. Qxe5 Rac7 24. Rxc7 Rxc7 25. Qf4 Rc2 26. Rb1 Qc8
27. h3 Qc7 28. Qxc7 Rxc7 29. Kf1 Rc4 30. Rd1 Rc2 31. d5 exd5 32. Rxd5 Rxb2 33.
a3 Ra2 34. Rd3 Kf8 35. Re3 f6 36. g4 Kf7 37. Kg2 a5 38. Rb3 Kg6 39. Kg3 Ra1 40.
Kf4 a4 41. Rxb5 Rxa3 42. f3 Rb3 43. Ra5 a3 44. Kg3 Rd3 45. h4 Rc3 46. h5+ Kh7
47. Kf4 1/2-1/2

[Event "Int. Stuttgarter Stadtmeisterschaft C"]
[Site "Ditzingen"]
[Date "2016.05.08"]
[Round "7.8"]
[White "Stecher, Oliver"]
[Black "Leutschaft, Jonathan"]
[Result "1/2-1/2"]
[WhiteElo "1175"]
[BlackElo "1292"]
[PlyCount "41"]
[EventDate "2016.??.??"]
[WhiteTeam "SSV Zuffenhausen"]
[BlackTeam "SF Kornwestheim"]

1. e4 e5 2. Nf3 Nc6 3. Bc4 Nf6 4. Ng5 d5 5. exd5 Nxd5 6. Nxf7 Kxf7 7. Qf3+ Ke6
8. Nc3 Nce7 9. d3 c6 10. Ne4 Kd7 11. Bg5 Qe8 12. Nc3 Nxc3 13. bxc3 h6 14. Bh4
Kc7 15. Bg3 Nf5 16. O-O Nxg3 17. fxg3 Bc5+ 18. d4 exd4 19. Qf4+ Bd6 20. Qxd4
Qe5 21. Qd3 1/2-1/2

[Event "Int. Stuttgarter Stadtmeisterschaft C"]
[Site "Ditzingen"]
[Date "2016.05.08"]
[Round "7.9"]
[White "Liu, Sijia Anna"]
[Black "Hammann, Peter"]
[Result "1-0"]
[WhiteElo "1419"]
[BlackElo "1062"]
[PlyCount "69"]
[EventDate "2016.??.??"]
[WhiteTeam "SV Stuttgart-Wolfbusch"]
[BlackTeam "Rochade Metzingen"]

1. e4 c5 2. Nf3 Nc6 3. d4 cxd4 4. Nxd4 e6 5. Nc3 a6 6. Bc4 Bb4 7. Nxc6 bxc6 8.
Qd4 Bxc3+ 9. Qxc3 f6 10. O-O Ne7 11. Qg3 Ng6 12. Qd6 Qe7 13. Qg3 O-O 14. h4 d5
15. exd5 cxd5 16. Bd3 Ne5 17. Bf4 a5 18. c3 Ba6 19. Bxe5 fxe5 20. Bxa6 Rxa6 21.
h5 Rf4 22. Rae1 Qd6 23. Re3 a4 24. Rfe1 Re4 25. Qg5 Rxe3 26. Rxe3 e4 27. Rg3
Qf8 28. Rg4 Ra7 29. Qe5 Re7 30. Rf4 Qe8 31. h6 g6 32. f3 exf3 33. gxf3 Rf7 34.
Kf2 Rxf4 35. Qg7# 1-0

[Event "Int. Stuttgarter Stadtmeisterschaft C"]
[Site "Ditzingen"]
[Date "2016.05.08"]
[Round "7.10"]
[White "Fekete, Jochen"]
[Black "Jünk, Ellen"]
[Result "1/2-1/2"]
[WhiteElo "1151"]
[BlackElo "1449"]
[PlyCount "125"]
[EventDate "2016.??.??"]
[WhiteTeam "Stuttgarter SF"]
[BlackTeam "SC Leinzell"]

1. d4 e6 2. e3 Nf6 3. Bd3 d5 4. Nf3 Bd6 5. Nbd2 Nbd7 6. e4 dxe4 7. Nxe4 Nxe4 8.
Bxe4 Nf6 9. Bd3 O-O 10. c3 Re8 11. O-O e5 12. dxe5 Bxe5 13. Nxe5 Rxe5 14. Qc2
g6 15. Be2 Bf5 16. Qd1 Qxd1 17. Bxd1 Bd3 18. Bf3 Bxf1 19. Kxf1 c6 20. Be3 Nd5
21. Bd4 Re6 22. Bxd5 cxd5 23. Re1 Rxe1+ 24. Kxe1 Re8+ 25. Kd2 b6 26. h4 f5 27.
g3 Kf7 28. a4 a6 29. b3 b5 30. axb5 axb5 31. b4 h6 32. Be3 Kg7 33. Bd4+ Kh7 34.
Be3 Rg8 35. f4 Ra8 36. Ke2 Ra2+ 37. Kf3 Ra3 38. Bd4 Ra1 39. Kg2 Ra2+ 40. Kf3
Rd2 41. Ke3 Rg2 42. Kf3 Rc2 43. Ke3 Rb2 44. Kf3 Rd2 45. Ke3 Rc2 46. Kd3 Rg2 47.
Be5 Rxg3+ 48. Kd4 Rh3 49. Bf6 g5 50. hxg5 Rf3 51. gxh6 Rxf4+ 52. Kxd5 Rc4 53.
Bd4 Kxh6 54. Bc5 Rxc3 55. Kc6 f4 56. Kxb5 Rxc5+ 57. bxc5 f3 58. c6 f2 59. c7
f1=Q+ 60. Kb6 Qf8 61. Kb7 Qe7 62. Kb8 Qxc7+ 63. Kxc7 1/2-1/2

[Event "Int. Stuttgarter Stadtmeisterschaft C"]
[Site "Ditzingen"]
[Date "2016.05.08"]
[Round "7.11"]
[White "Drianis, Anton"]
[Black "Friedl, Bastian"]
[Result "1-0"]
[WhiteElo "1296"]
[BlackElo "1204"]
[PlyCount "113"]
[EventDate "2016.??.??"]
[WhiteTeam "SK Gerlingen"]
[BlackTeam "SF Freiberg"]

1. d4 d5 2. c4 c6 3. Nc3 Nf6 4. Nf3 g6 5. Bg5 Bg7 6. e3 O-O 7. Be2 Bf5 8. Bd3
Bxd3 9. Qxd3 Nbd7 10. cxd5 cxd5 11. O-O a6 12. a4 Qc7 13. Bf4 Qb6 14. a5 Qc6
15. Rfc1 b5 16. Na2 Qb7 17. Rc7 Qxc7 18. Bxc7 Rac8 19. Rc1 Ne4 20. Nd2 f5 21.
f4 e6 22. Nb4 Nb8 23. Nf3 Rf7 24. Qd1 Rfxc7 25. Rxc7 Rxc7 26. h3 Bf8 27. Nd3
Bd6 28. Ng5 Nxg5 29. fxg5 Nc6 30. Qe1 Rc8 31. g4 fxg4 32. hxg4 Rc7 33. Nf4 Bxf4
34. exf4 Nxd4 35. Kf1 Re7 36. Qb4 Nc6 37. Qd6 Rf7 38. Qxc6 Rxf4+ 39. Ke2 Re4+
40. Kd3 Kf7 41. Qd7+ Kg8 42. Qe8+ Kg7 43. Qe7+ Kg8 44. b3 Re5 45. Qe8+ Kg7 46.
Qe7+ Kg8 47. Kd4 Re4+ 48. Kc5 d4 49. Qe8+ Kg7 50. Kd6 d3 51. Qe7+ Kg8 52. Qd8+
Kg7 53. Qf6+ Kg8 54. Ke7 h5 55. Qxg6+ Kh8 56. Qxe4 d2 57. Qd4+ 1-0

[Event "Int. Stuttgarter Stadtmeisterschaft C"]
[Site "Ditzingen"]
[Date "2016.05.08"]
[Round "7.12"]
[White "Schäfer, Helmut"]
[Black "Günther, Niclas"]
[Result "0-1"]
[WhiteElo "1147"]
[BlackElo "1213"]
[PlyCount "72"]
[EventDate "2016.??.??"]
[WhiteTeam "TSV Münchingen"]
[BlackTeam "SF Freiberg"]

1. e4 e5 2. Nf3 Nc6 3. d3 Nf6 4. Nc3 Bc5 5. Bg5 h6 6. Na4 Bb4+ 7. c3 Bd6 8. Be3
b5 9. Bc5 bxa4 10. Bxd6 cxd6 11. Qxa4 O-O 12. c4 Rb8 13. Rb1 Rb4 14. Qa3 Qb6
15. Be2 g5 16. h3 g4 17. hxg4 Nxg4 18. Rh5 Qxf2+ 19. Kd2 Qe3+ 20. Ke1 Nf6 21.
Rh3 Ng4 22. Qc3 f5 23. a3 Rb6 24. Qc1 Qxc1+ 25. Rxc1 Rxb2 26. Rg3 h5 27. Rh3
fxe4 28. dxe4 Nf6 29. Nd2 Nd4 30. Bxh5 Nxh5 31. Rxh5 Nc2+ 32. Ke2 Nxa3 33. Rh6
Ba6 34. Kd3 Rf2 35. Rd1 Bxc4+ 36. Nxc4 Rb3# 0-1

[Event "Int. Stuttgarter Stadtmeisterschaft C"]
[Site "Ditzingen"]
[Date "2016.05.08"]
[Round "7.14"]
[White "Höhne, Christoph"]
[Black "Klein, Werner"]
[Result "1-0"]
[WhiteElo "1329"]
[BlackElo "1090"]
[PlyCount "45"]
[EventDate "2016.??.??"]
[WhiteTeam "SC Ingersheim"]
[BlackTeam "SV Stuttgart-Wolfbusch"]

1. d4 e6 2. Nf3 d5 3. e3 Nf6 4. Bd3 c5 5. b3 b6 6. Rg1 Bd6 7. Bb2 O-O 8. Nbd2
Ba6 9. c4 Qd7 10. Ne5 Bxe5 11. dxe5 Ne8 12. f4 b5 13. Qf3 bxc4 14. bxc4 Nc7 15.
Qh3 g6 16. Rd1 Ne8 17. Nf3 f5 18. exf6 Nxf6 19. Ng5 Qe8 20. Be2 Nbd7 21. Bg4
Bxc4 22. Bxe6+ Kg7 23. Qxh7# 1-0

[Event "Int. Stuttgarter Stadtmeisterschaft C"]
[Site "Ditzingen"]
[Date "2016.05.08"]
[Round "7.15"]
[White "Eid, Sami"]
[Black "Barna, Janos"]
[Result "0-1"]
[WhiteElo "1062"]
[BlackElo "1322"]
[PlyCount "120"]
[EventDate "2016.??.??"]
[WhiteTeam "SF Freiberg"]
[BlackTeam "SC Leinfelden"]

1. e4 e5 2. Nf3 Nc6 3. Bc4 Nf6 4. Nc3 Na5 5. Bb3 c6 6. Nxe5 Nxb3 7. axb3 Qe7 8.
d4 d6 9. Nf3 Nxe4 10. Nxe4 Qxe4+ 11. Be3 Bg4 12. c3 Be7 13. h3 Bxf3 14. gxf3
Qg6 15. d5 c5 16. Qe2 a6 17. b4 O-O 18. bxc5 dxc5 19. c4 Rac8 20. Qd2 Rfe8 21.
O-O-O Bd6 22. Qe2 Qf5 23. Rde1 Be5 24. Qc2 Qxc2+ 25. Kxc2 Bd6 26. Rhg1 g6 27.
Ra1 f5 28. h4 f4 29. Bd2 Re2 30. Raf1 Kf7 31. Kd1 Rce8 32. Rg2 R2e7 33. Rh2 h5
34. Re1 b5 35. b3 Rb8 36. Re4 Rbe8 37. Rxe7+ Rxe7 38. cxb5 axb5 39. Kc2 Re5 40.
Bxf4 Rxd5 41. Bxd6 Rxd6 42. Rg2 Kf6 43. Rg5 c4 44. Rxb5 cxb3+ 45. Rxb3 Kf5 46.
Rb4 Rd5 47. f4 Kg4 48. f5+ Kxf5 49. f3 Kf6 50. f4 Kf5 51. Rb6 Rd4 52. Rb5+ Kxf4
53. Rg5 Rd6 54. Kc3 Rf6 55. Kc4 Ke4 56. Kc3 Ke3 57. Kc4 Rf4+ 58. Kc3 Rg4 59.
Re5+ Kf4 60. Kd4 Kg3+ 0-1

[Event "Int. Stuttgarter Stadtmeisterschaft C"]
[Site "Ditzingen"]
[Date "2016.05.08"]
[Round "7.16"]
[White "Erhardt, Kristian"]
[Black "Abdullah, Aran"]
[Result "0-1"]
[WhiteElo "1288"]
[BlackElo "1038"]
[PlyCount "63"]
[EventDate "2016.??.??"]
[WhiteTeam "Schach-Kids Bernhausen"]
[BlackTeam "SV Stuttgart-Wolfbusch"]

1. e4 e5 2. Nf3 Nc6 3. Bb5 d6 4. c3 Nf6 5. d3 Bg4 6. Nbd2 a6 7. Ba4 b5 8. Bc2
Be7 9. O-O O-O 10. Re1 Nh5 11. h3 Be6 12. Nf1 Qb8 13. Nxe5 Nxe5 14. Qxh5 f5 15.
d4 Ng6 16. exf5 Bxf5 17. Bxf5 Qe8 18. Bxg6 Qxg6 19. Qxg6 hxg6 20. Rxe7 c5 21.
dxc5 dxc5 22. Be3 c4 23. Bd4 Rf7 24. Rxf7 Kxf7 25. Ng3 Re8 26. Kf1 a5 27. Re1
Rxe1+ 28. Kxe1 b4 29. cxb4 axb4 30. Bc5 b3 31. axb3 cxb3 32. Kd2 0-1

[Event "Int. Stuttgarter Stadtmeisterschaft C"]
[Site "Ditzingen"]
[Date "2016.05.08"]
[Round "7.17"]
[White "Maly, Jan"]
[Black "Dimitrov, Leon"]
[Result "1/2-1/2"]
[WhiteElo "1268"]
[BlackElo "1033"]
[PlyCount "53"]
[EventDate "2016.??.??"]
[WhiteTeam "SF Kornwestheim"]
[BlackTeam "SF Freiberg"]

1. e4 e5 2. Nf3 Nc6 3. Bc4 Nf6 4. Nc3 Bc5 5. d3 d6 6. Bg5 Be6 7. Bb3 O-O 8. O-O
h6 9. Bh4 g5 10. Nxg5 hxg5 11. Bxg5 Nd4 12. h3 Re8 13. Ne2 Bxb3 14. cxb3 Ne6
15. Bh4 Kg7 16. Nc3 Qd7 17. Qf3 Ng8 18. Qg4+ Kf8 19. Nd5 c6 20. Nf6 Nxf6 21.
Bxf6 Re7 22. Qh5 Ke8 23. g4 Kd8 24. Qh7 Kc7 25. h4 Nf8 26. Qg8 Re6 27. g5
1/2-1/2

[Event "Int. Stuttgarter Stadtmeisterschaft C"]
[Site "Ditzingen"]
[Date "2016.05.08"]
[Round "7.18"]
[White "Postler, Jonathan"]
[Black "Gazitepe, Deniz"]
[Result "1-0"]
[WhiteElo "1204"]
[BlackElo "1028"]
[PlyCount "55"]
[EventDate "2016.??.??"]
[WhiteTeam "TSV/RSK Esslingen"]
[BlackTeam "SV Altbach"]

1. d4 d5 2. c4 c6 3. Nc3 Nf6 4. Bg5 Bf5 5. e3 e6 6. cxd5 cxd5 7. Bb5+ Nc6 8.
Nf3 Bd6 9. Ne5 Rc8 10. Qa4 O-O 11. Nxc6 bxc6 12. Bxc6 Rb8 13. O-O Qc7 14. h3
Ne4 15. Nxe4 Bxe4 16. Rac1 Rxb2 17. Bxd5 Bh2+ 18. Kh1 Bxg2+ 19. Bxg2 Qb8 20.
Qc4 Bd6 21. Rc2 Rb1 22. Rxb1 Qxb1+ 23. Rc1 Qb8 24. e4 f6 25. Qxe6+ Kh8 26. Be3
Bf4 27. Bxf4 Qxf4 28. Rc8 1-0

[Event "Int. Stuttgarter Stadtmeisterschaft C"]
[Site "Ditzingen"]
[Date "2016.05.08"]
[Round "7.21"]
[White "Reichmann, Bernd"]
[Black "Hoffmann, Julian"]
[Result "1-0"]
[WhiteElo "1084"]
[BlackElo "912"]
[PlyCount "46"]
[EventDate "2016.??.??"]
[WhiteTeam "SV Fellbach"]
[BlackTeam "Schach-Kids Bernhausen"]

1. e4 c5 2. Nf3 d6 3. Nc3 e5 4. h3 Nc6 5. Bb5 Bd7 6. Bxc6 Bxc6 7. d3 h6 8. a3
a5 9. a4 Be7 10. b3 Nf6 11. Bd2 b6 12. Nh2 Bd7 13. Ne2 O-O 14. O-O Re8 15. f4
exf4 16. Nxf4 Qc7 17. Bc3 Rf8 18. Bxf6 Bxf6 19. Nd5 Qd8 20. Nxf6+ gxf6 21. Qh5
Kh7 22. Rf4 Be6 23. Rh4 Bxh3 1-0

[Event "Int. Stuttgarter Stadtmeisterschaft C"]
[Site "Ditzingen"]
[Date "2016.05.08"]
[Round "7.24"]
[White "Hdya, Mohammad"]
[Black "Toma, Yanis"]
[Result "0-1"]
[WhiteElo "823"]
[BlackElo "1319"]
[PlyCount "66"]
[EventDate "2016.??.??"]
[WhiteTeam "SF Freiberg"]
[BlackTeam "Lübecker SV"]

1. e4 e5 2. Nf3 Bc5 3. Nc3 Nc6 4. Bc4 Qf6 5. Nd5 Qd8 6. d3 Bb6 7. O-O Nf6 8.
Nxf6+ Qxf6 9. Bg5 Qg6 10. Be3 d6 11. Ng5 Be6 12. Bxe6 fxe6 13. Qg4 Nd8 14. Qh3
Bxe3 15. Qxe3 Nc6 16. f4 Nb4 17. Qd2 Nc6 18. f5 exf5 19. Rxf5 Nd4 20. Nf7 Rf8
21. Nxd6+ Qxd6 22. Rf2 Rxf2 23. Qxf2 O-O-O 24. c3 Ne6 25. Qxa7 Qc5+ 26. Qxc5
Nxc5 27. b4 Nxd3 28. a4 Kb8 29. a5 Ka7 30. b5 Nc5 31. a6 bxa6 32. Ra5 Nxe4 33.
bxa6 Rd1# 0-1

[Event "Int. Stuttgarter Stadtmeisterschaft C"]
[Site "Ditzingen"]
[Date "2016.05.08"]
[Round "7.27"]
[White "Acar, Lukas"]
[Black "Wippermann, Tim"]
[Result "1-0"]
[WhiteElo "880"]
[BlackElo "782"]
[PlyCount "91"]
[EventDate "2016.??.??"]
[WhiteTeam "SF Birkenfeld"]
[BlackTeam "SF Freiberg"]

1. e4 e5 2. Nf3 Nf6 3. Bc4 Bc5 4. Nc3 Nc6 5. O-O d6 6. b3 Bg4 7. Bb2 O-O 8. h3
Bh5 9. Qe2 Nd4 10. Qd3 b5 11. Bd5 Nxd5 12. Nxd5 b4 13. Nxd4 exd4 14. Bxd4 Bxd4
15. Qxd4 f6 16. Qc4 c5 17. Nf4+ Bf7 18. Ne6 Qe7 19. e5 fxe5 20. Qe4 Bxe6 21.
Rae1 Rae8 22. f4 d5 23. Qxe5 Rf5 24. Qb2 d4 25. c3 Qb7 26. g4 Rff8 27. f5 Bd5
28. cxd4 Bh1 29. d3 Qg2+ 30. Qxg2 Bxg2 31. Kxg2 Rxe1 32. Rxe1 cxd4 33. Re4 Rd8
34. h4 Kf7 35. Kf3 Kf6 36. Kf4 g5+ 37. hxg5+ Kf7 38. Re6 a5 39. g6+ hxg6 40.
Rxg6 Rg8 41. Rxg8 Kxg8 42. Kg5 Kf7 43. f6 Kf8 44. Kg6 Kg8 45. g5 a4 46. bxa4
1-0

[Event "Int. Stuttgarter Stadtmeisterschaft C"]
[Site "Ditzingen"]
[Date "2016.05.08"]
[Round "7.28"]
[White "Kappler, Roswitha"]
[Black "Limbeck, Marcus"]
[Result "0-1"]
[WhiteElo "725"]
[BlackElo "1129"]
[PlyCount "52"]
[EventDate "2016.??.??"]
[WhiteTeam "SG Fasanenhof"]
[BlackTeam "SC Leimen"]

1. e4 c6 2. Nc3 d5 3. d3 dxe4 4. Nxe4 Bf5 5. Nf3 e6 6. Be2 Nd7 7. O-O Be7 8.
Be3 Ngf6 9. Nh4 Nxe4 10. dxe4 Bxe4 11. f3 Bc5 12. Qd2 Bxe3+ 13. Qxe3 Bxc2 14.
Qf2 Qb6 15. Rac1 Qxb2 16. Qg3 Ba4 17. Qxg7 Qxg7 18. Rc4 Bb5 19. Rg4 Qb2 20.
Bxb5 Qxb5 21. Re1 O-O-O 22. a4 Qc5+ 23. Kf1 Ne5 24. f4 Nxg4 25. Re2 Rd1+ 26.
Re1 Qf2# 0-1

[Event "Int. Stuttgarter Stadtmeisterschaft C"]
[Site "Ditzingen"]
[Date "2016.05.08"]
[Round "7.29"]
[White "Lin, Nathanael"]
[Black "Schott, Abelardo"]
[Result "0-1"]
[WhiteElo "756"]
[BlackElo "913"]
[PlyCount "60"]
[EventDate "2016.??.??"]
[WhiteTeam "SC Sillenbuch"]
[BlackTeam "SF Nabern"]

1. e4 Nc6 2. Bc4 Nf6 3. d3 e5 4. c3 d5 5. exd5 Nxd5 6. Nf3 Bg4 7. O-O h6 8. h3
Bxf3 9. Qxf3 Nf6 10. Qd1 Bc5 11. Qb3 Na5 12. Bxf7+ Kf8 13. Qe6 Qxd3 14. b4 Ne4
15. Qf5 Nxf2 16. Bc4+ Qxf5 17. bxc5 Ke7 18. Rxf2 Qh5 19. g4 Qh4 20. Rf7+ Kd8
21. Be6 Qg3+ 22. Kf1 Qxh3+ 23. Ke1 Qh1+ 24. Kd2 Qc6 25. Bf5 Qd5+ 26. Bd3 Qxf7
27. Ba3 Qd5 28. Ke3 Nc4+ 29. Ke2 Nxa3 30. Nxa3 Qxc5 0-1